| 000 | 00911nam a2200241Ia 4500 | ||
|---|---|---|---|
| 001 | 9137 | ||
| 003 | GE_BSU | ||
| 008 | 181216s||||||||xx |||||||||||||| ||und|| | ||
| 040 | _cGE_BSU | ||
| 080 | _a821.353.1-32 | ||
| 100 | _aლანჩავა,თეიმურაზ | ||
| 245 | _aერთი ნაბიჯი ზღაპრამდე | ||
| 245 | _bმოთხრობები | ||
| 245 | _cრედ:ტ.ჯანხოთელი;მხატვ:ო.ქანდარია | ||
| 250 | _aპირველი-მეორე გამოცემა. | ||
| 260 | _aთბილისი. | ||
| 260 | _bსაბჭ.საქართველო,ქუთაისის ფილიალი | ||
| 260 | _c1989. | ||
| 300 | _a266გვ;21სმ. | ||
| 653 | _aერთი ნაბიჯი ზღაპრამდე | ||
| 653 | _aმოთხრობები | ||
| 942 | _cBK | ||
| 999 |
_c42441 _d42441 |
||